000 01397nam a22003373i 4500
001 EBC32270425
003 MiAaPQ
005 20251205133730.0
007 cr cnu||||||||
008 251205s2025 xx o ||||0 ger d
020 _a9783406840333
_q(electronic bk.)
020 _z9783406838316
040 _aMiAaPQ
_beng
_cMiAaPQ
100 1 _aKowalczuk, Ilko-Sascha.
_919022
245 1 4 _aDie Neue Mauer :
_bEin Gespräch über Den Osten.
250 _a1st ed.
264 1 _aMünchen :
_bC.H. Beck,
_c2025.
264 4 _c{copy}2025.
300 _a1 online resource (241 pages)
336 _aText
_btxt
_2rdacontent
337 _aComputermedien
_bc
_2rdamedia
338 _aOnline Resource
_bcr
_2rdacarrier
500 _aE-Book-ProQuest / Fernzugriff nach Registrierung möglich
520 _aVieles von dem, was nach 1990 im Osten schiefgelaufen ist, lässt sich aus Versäumnissen und Fehlern im Vereinigungsprozess erklären.Anderes geht auf überzogene Erwartungen und ein falsches Verständnis von Freiheit zurück.
655 _aFernzugriff
_9230
655 4 _aElectronic books.
700 1 _aRamelow, Bodo.
_967889
776 0 8 _iPrint version:
_aKowalczuk, Ilko-Sascha
_tDie Neue Mauer
_dMünchen : C.H. Beck,c2025
_z9783406838316
856 4 0 _uhttps://ebookcentral.proquest.com/lib/maxweberstiftung-ebooks/detail.action?docID=32270425
_zVolltext
942 _cEB
999 _c73355
_d73355